El Palau de Justícia de Barcelona / per F. Duràn i Cañameras
Descripción Física:
[18] f., [8] làm. ; 23 cm
MARC
| LEADER | 00000nam a2200000Ia 4500 | ||
|---|---|---|---|
| 001 | 1202 | ||
| 008 | 160829s1937) xx 000 0 cat d | ||
| 080 | |a D-1-59 | ||
| 100 | |a Duran i Canyameres, F. |9 24171 | ||
| 245 | |a El Palau de Justícia de Barcelona / per F. Duràn i Cañameras | ||
| 260 | |a Barcelona : |b [s.n.] (Imp. Lluís Torns, |c 1937) | ||
| 300 | |a [18] f., [8] làm. ; |c 23 cm | ||
| 650 | |a Palau de Justícia (Barcelona) |x Història |9 24172 | ||
| 901 | |a Arxiu | ||
| 942 | |n 1 | ||
| 952 | |0 0 |1 0 |4 0 |6 D159 |7 1 |9 43009 |a Arxiu |b Arxiu |d 2016-12-01 |l 0 |o D-1-59 |p 1202 |r 2016-12-01 00:00:00 |w 2016-12-01 |y ARXIU | ||
| 999 | |c 45552 |d 45552 | ||